Vicisitudes de la unidad de la nación española durante la Edad Media / Jaime Trabal i Martorell
Descripción Física:
32 f. ; 19 x 27 cm
Materias:
Espanya -- Història -- S. X/XV
MARC
| LEADER | 00000nam a2200000Ia 4500 | ||
|---|---|---|---|
| 001 | 7933 | ||
| 008 | 160829s1888 xx 000 0 cat d | ||
| 080 | |a H-1-224 | ||
| 100 | |a Trabal i Martorell, Jaume |9 25061 | ||
| 245 | |a Vicisitudes de la unidad de la nación española durante la Edad Media / Jaime Trabal i Martorell | ||
| 260 | |a Barcelona : |b manuscrit, |c 1888 | ||
| 300 | |a 32 f. ; |c 19 x 27 cm | ||
| 590 | |a Exemplar manuscrit i signat per l'autor, datat a Barcelona, el 24 de desembre de 1888 | ||
| 650 | |a Espanya |x Història |x S. X/XV |9 25062 | ||
| 901 | |a Arxiu | ||
| 942 | |n 1 | ||
| 952 | |0 0 |1 0 |4 0 |6 H1224 |7 1 |9 43430 |a Arxiu |b Arxiu |d 2016-12-01 |l 0 |o H-1-224 |p 7933 |r 2016-12-01 00:00:00 |w 2016-12-01 |y ARXIU | ||
| 999 | |c 45976 |d 45976 | ||